Mot + Mot = Pays - Statistiques

Statistiques générales
  • Ce quiz a été pris 168 fois
  • Le résultat moyen est 10 sur 20
Statistiques - réponses
Hint Réponse % Correct
MENA + DARK Danemark
94%
BANDAH + LEGS Bangladesh
80%
NES + PAGE Espagne
78%
IDOINE + NES Indonésie
75%
LIRE + DAN Irlande
73%
KIR + TIBIA Kiribati
71%
QUART + EUE Equateur
65%
TONTE + LIE Lettonie
55%
DEJA + NOIR Jordanie
47%
HEURT + CIA Autriche
42%
CRAME + ONU Cameroun
41%
VIDE + SLAM Maldives
38%
GEANT + NIER Argentine
36%
SUBIES + AGUINE Guinée-Bissau
34%
RA + RONDE Andorre
31%
SALUT + RAIE Australie
28%
TENNEL + CHIITES Liechtenstein
24%
TONG + NORMEE Monténégro
24%
SUCRE + DODUE Corée du Sud
18%
MORTIER + LAITON Timor Oriental
7%
Aucun quiz correspondant
Distribution des résultats
% des personnes avec chaque résultat
Percentile par nombre de réponses
Votre historique - résultats
Vous n’avez pas pris ce quiz